| 000 | 00598nam a2200193 a 4500 | ||
|---|---|---|---|
| 001 | 3536 | ||
| 003 | CDMR | ||
| 005 | 20131212155757.0 | ||
| 008 | 130130s1965||||||||||||||||||||||||||||d | ||
| 040 |
_aCDMR _bcat _cCDMR |
||
| 100 | 1 |
_aDumazedier, Joffre _9503 |
|
| 245 | 1 | 0 |
_aTelevisión y educación popular _b: los teleclubs en Francia _cJoffre Dumazedier |
| 260 |
_aBuenos Aires _c1965 _bSolar/Hachette |
||
| 300 |
_a270 p. _bil. b/n |
||
| 490 | 0 | _aDimensión de los problemas | |
| 650 | 0 | 4 |
_93081 _aMitjans de comunicació de massa i educació |
| 650 | 0 | 4 |
_94521 _aEducació permanent |
| 942 |
_cMON _2udc |
||
| 999 |
_c3536 _d3536 |
||